| 000 | 00414pab a2200157 454500 | ||
|---|---|---|---|
| 008 | 180718b2012 xxu||||| |||| 00| 0 eng d | ||
| 100 | _aBorenstein, Severin | ||
| 245 | _aThe private and public economics of renewable electricity generation | ||
| 260 | _c2012 | ||
| 300 | _ap.67-92. | ||
| 362 | _aWinter | ||
| 650 | _aElectricity | ||
| 773 | _aJournal of Economic Perspectives | ||
| 908 | _aN | ||
| 909 | _a95916 | ||
| 999 |
_c95916 _d95916 |
||